| 000 | 00604nam a2200229Ia 4500 | ||
|---|---|---|---|
| 003 | OSt | ||
| 005 | 20220928120055.0 | ||
| 006 | a|||||r|||| 00| 0 | ||
| 007 | ta | ||
| 008 | 220927b |||||||| |||| 00| 0 eng d | ||
| 024 | _a71100 | ||
| 037 | _cTextual | ||
| 040 |
_aSDCL _cSDCL _beng |
||
| 041 |
_2eng _aeng |
||
| 082 | _aO,3N:g, N4 | ||
| 100 |
_aAbraham P A _9447465 |
||
| 245 | 0 | _aSherwood Anderson and the American short story. | |
| 260 |
_aNew Delhi _bCreative _c1994 |
||
| 300 |
_axii,132p. _ccm. |
||
| 942 |
_hO,3N:g, N4 _cTEXL _2CC |
||
| 999 |
_c762137 _d762137 |
||